Normal view
MARC view
- Derrickson, Bryan H.,
Entry Personal Name
001 - CONTROL NUMBER
- control field: 6768
003 - CONTROL NUMBER IDENTIFIER
- control field: URS
005 - DATE AND TIME OF LATEST TRANSACTION
- control field: 20260405134457.0
008 - FIXED-LENGTH DATA ELEMENTS
- fixed length control field: 260405|| aca||aabn | a|a d
040 ## - CATALOGING SOURCE
- Original cataloging agency: URS
100 ## - HEADING--PERSONAL NAME
- Personal name: Derrickson, Bryan H.,
- Relator term: author.


































